| 000 | 02930nam a2200493 a 4500 | ||
|---|---|---|---|
| 001 | 000103202 | ||
| 003 | CHAP | ||
| 005 | 20240919143642.0 | ||
| 007 | cr ||||||a|c|a | ||
| 008 | 101104s2010 mx r 00010 spa d | ||
| 035 | _a111323 | ||
| 040 | _cCHAP | ||
| 090 | _aTesis | ||
| 100 | 1 |
_aCoutiño Puchulí, Víctor _928676 |
|
| 245 | 1 | 0 |
_aProducción y comercialización del cacao en la región del Soconusco, Estado de Chiapas _c/por Víctor Coutiño Puchulí; director de tesis Arturo Perales Salvador. |
| 264 | 1 |
_aChapingo, Méx. : _bEl autor, _c2010. |
|
| 300 |
_a1 recurso en línea (122 páginas): _bgráficas, cuadros, figuras. |
||
| 336 |
_2rdacontent _atexto _btxt |
||
| 337 |
_2rdamedia _acomputadora _bc |
||
| 338 |
_2rdacarrier _arecursos en línea _bcr |
||
| 502 |
_bLCIPA _cDICEA _d2010. _gLIC |
||
| 520 | _aEl cacao es un producto agroindustrial importante, ya que de él se derivan diferentes productos como los dulces y confitería. Debido a su importancia ha sido objeto de diversos estudios sobre sus diferentes aspectos como la producción, comercialización, canal y margen de comercialización, entre otros. México es considerado como uno de los grandes productores de cacao en el mundo en cuanto a calidad se refiere, pues se producen aproximadamente 28 mil toneladas de cacao fino al año, con un valor de 708 millones de pesos. Los principales estados productores de este cultivo son Tabasco y Chiapas, con más del 90% de la producción total del país. La región del Soconusco, estado de Chiapas, es un lugar altamente potencial para la producción de cacao. El cacao cultivado en esta región ha sido calificado por empresas e instituciones de importancia mundial como un producto de alta calidad, pero debido a problemas en la organización de los productores, adversas condiciones de los cultivos en muchas regiones de Soconusco y en sus precios en los mercados, a los productores se les ha complicado competir a nivel internacional. | ||
| 590 |
_aALEPH _b10 _c20130110 |
||
| 590 |
_aBATCH-UPD _b10 _c20130110 |
||
| 590 |
_aBATCH-UPD _b10 _c20130410 |
||
| 590 |
_aBATCH-UPD _b10 _c20130914 |
||
| 590 |
_aBATCH-UPD _b10 _c20140324 |
||
| 590 |
_aBATCH-UPD _b10 _c20141002 |
||
| 590 |
_aCONVERSION _b10 _c20130109 |
||
| 590 |
_aE11695DGD _b10 _c20170123 |
||
| 650 | 0 | 4 |
_aCacao _xChiapas. _916930 |
| 650 | 0 | 4 |
_aCacao _xComercio. _916932 |
| 650 | 0 | 4 |
_aCacao _xCostos de producción _xChiapas. _916936 |
| 650 | 0 | 4 |
_aCacao _xMercadeo _xChiapas. _916957 |
| 650 | 0 | 4 |
_aCacao _xProcesado. _916967 |
| 700 | 1 |
_aPerales Salvador, Arturo _987008 _eDirector de tesis. |
|
| 856 |
_uhttp://10.13.5.2/tesis/111323.pdf _zDESCARGAR PDF |
||
| 901 | _aBK | ||
| 942 |
_cTD _2Clasificación Universidad Autónoma Chapingo |
||
| 949 |
_bBC _cTES _d33724002219678 _eTS2 _fc.2 _gDonaciØn _h51366 _i111323 _sb |
||
| 949 |
_bBC _cTES _d33724002219710 _eTS1 _gDonaciØn _h51365 _i111323 _sb |
||
| 999 |
_c99665 _d99665 |
||